000 00611nam a2200205Ia 4500
005 20250923145503.0
008 008 250917s9999 xx 000 0 eng d
037 _aReference
040 _aDSWL
_beng
_cDSWL
041 _aeng
_2eng
084 _aYX;5.212,d, N75;3
_qDSWL
245 0 _aDirectory of Social Welfare, Agencies in India, Kerala
_c by Central S.W. Board
260 _aNew Delhi
_bDelhi C.S.W.A (Resd.)
_c1975
300 _a1013 to 1528p.
365 _aINR
_b7.5
490 _vVol. III
925 _g7.5
942 _cREF
_hYX;5.212,d, N75;3
999 _c1451953
_d1451953